Iron Man: Tony Stark's "Jericho Missile" Monologue - Statistics

General Stats
  • This quiz has been taken 848 times
  • The average score is 57 of 121
Answer Stats
Answer % Correct
I
97%
the
84%
Jericho.
81%
to
79%
you
75%
it
67%
it.
67%
Is
65%
is
65%
an
64%
be
64%
missile
58%
And
57%
and
57%
that
55%
in
54%
for
53%
For
53%
have
53%
say,
50%
say
50%
how
49%
America
48%
one
48%
present
48%
weapon
48%
of
47%
so
47%
did
46%
too
45%
your
44%
better
43%
Dad
43%
fire.
43%
fire
43%
Stark
43%
does
42%
once.
42%
or
42%
out
42%
ask
41%
best
41%
much
41%
only
41%
feared
40%
They
40%
both?
39%
That's
39%
well
39%
respected?
37%
their
37%
Industries'
36%
It's
36%
it's
36%
never
36%
want
36%
bad
33%
disagree.
32%
far.
32%
won't
32%
caves.
31%
come
31%
consideration:
31%
pretty
30%
worked
30%
guys
29%
With
29%
even
27%
these
27%
mind
25%
prefer
23%
respectfully
23%
humbly
22%
guarantee
21%
let
21%
off
21%
first
18%
technology.
18%
crown
17%
jewel
17%
personally
17%
excuse
16%
Find
16%
line.
16%
chain,
15%
our
15%
freedom
14%
repulsor
10%
incorporate
9%
system
9%
proprietary
7%
No matching quizzes found
Score Distribution
Percent of People with Each Score
Percentile by Number Answered
Your Score History
You have not taken this quiz